Music Quiz

Random Music or Numbers Quiz

Songs on Revolver Quiz Stats

 Plays Quiz Updated Mar 6, 2020

Support Sporcle.
Go Orange.
Score 0/14 Timer 03:00
2 Plays Today
Side Song % Correct
Side 1Taxman
91.2%
Side 1Eleanor Rigby
83.6%
Side 2Tomorrow Never Knows
73.5%
Side 1Yellow Submarine
72.4%
Side 2Doctor Robert
65.7%
Side 2And Your Bird Can Sing
63.8%
Side 1I'm Only Sleeping
63.5%
Side Song % Correct
Side 2Got to Get You Into My Life
62.5%
Side 1Here, There And Everywhere
62.4%
Side 1She Said She Said
60.3%
Side 2Good Day Sunshine
59.8%
Side 2For No One
59.4%
Side 1Love You To
54.7%
Side 2I Want to Tell You
43.9%

From the Vault

Buddy the Elf's Food Groups

by muebg

Holiday 60s
Buddy the Elf, what's your favorite color?
Remove Ads.
Support Sporcle.
Get the best of Sporcle when you Go Orange. This ad-free experience offers more features, more stats, and more fun while also helping to support Sporcle. Thank you for becoming a member.

Show Comments

Extras

Top Quizzes Today


Score Distribution

Your Account Isn't Verified!

In order to create a playlist on Sporcle, you need to verify the email address you used during registration. Go to your Sporcle Settings to finish the process.

Report this User

Report this user for behavior that violates our Community Guidelines.

Details: